000 00816nam a2200241 i 4500
001 bg
245 0 0 _aWielka encyklopedia PWN. /
_c[red. nacz. Jan Wojnowski]
_n0,Woźnicko-Wieluńska Wyżyna - Żyznowski.
260 _aWarszawa :
_bWydaw. Naukowe PWN,
_ccop. 2005.
300 _a584 s. :
_bil. (gł. kolor.), fot., mapy, portr., rys., wykr. ;
_c30 cm.
650 9 _aEncyklopedia polska
700 1 _aWOJNOWSKI, Jan.
_eRed.
015 _aPB 12246/2005
020 _a8301133570 (30 t.)
020 _a8301143657 (t.30)
040 _cBPK
041 0 _apol
080 _a0/9(03)
920 _a83-01-13357-0 (30 t.)
920 _a83-01-14365-7 (t.30)
942 _cKS
008 s pl f |000 0 pol
999 _c46783
_d46783
856 _uhttp://koha.tu.koszalin.pl/cgi-bin/koha/opac-detail.pl?biblionumber=46783
_yKatalog online BPK